000 01103nam a22002657a 4500
003 BD-DhSAU
005 20190101111328.0
008 160718b201 bg ||||| |||| 001 0 eng d
040 _aBD-DhSAU
082 _222
_a581.15
_bD3607
100 _aDeepo , Deen Mohammad
_eREG. NO. : 08-02971
245 _aGenetic diversity analysis of Chilli (Capsicum Spp.)/
_cDeepo , Deen Mohammad
_bMs Thesis
260 _aSher-e-Bangla Agricultural University :
_bDepartment of Genetics and Plant Breeding,
_c2016.
300 _ax, 92 p. :
_bill. ;
_c30 cm.
500 _aMS thesis of Department of Genetics and Plant Breeding, Faculty of Agriculture, Sher-e-Bangla Agricultural University, Dhaka, Bangladesh
504 _aIncludes bibliographical references.
590 _ashofi
650 _aGenetics and Plant Breeding
650 _aGenetic diversity
650 _aChilli (Capsicum Spp.)
700 _aZeba , Naheed
_eSuperviser
700 _aIslam , Mohammad Saiful
_eCo-superviser
856 _uhttp://archive.saulibrary.edu.bd:8080/xmlui/handle/123456789/1143
_yOnline Access
942 _2ddc
_cTHESIS
999 _c14082
_d14081